Visual C++ 4 unleashed
Written by a team of experts in Visual C++ programming, this is the ultimate reference for Visual C++ programmers. The integration of the text and CD makes this an invaluable tool for accomplished Visual C++ programmers--everything they need to know as well as the tools and utilities to make it work...
Bewaard in:
| Hoofdauteur: | |
|---|---|
| Formaat: | Boek |
| Taal: | Undetermined |
| Gepubliceerd in: |
Indianapolis, I.N.
Sams Pub.
1996
|
| Onderwerpen: | |
| Tags: |
Voeg label toe
Geen labels, Wees de eerste die dit record labelt!
|
| Thư viện lưu trữ: | Trung tâm Học liệu Trường Đại học Cần Thơ |
|---|
| LEADER | 00956nam a2200193Ia 4500 | ||
|---|---|---|---|
| 001 | CTU_232612 | ||
| 008 | 210402s9999 xx 000 0 und d | ||
| 082 | |a 005.133 | ||
| 082 | |b T717 | ||
| 100 | |a Toth, Viktor | ||
| 245 | 0 | |a Visual C++ 4 unleashed | |
| 245 | 0 | |c Viktor Toth | |
| 260 | |a Indianapolis, I.N. | ||
| 260 | |b Sams Pub. | ||
| 260 | |c 1996 | ||
| 520 | |a Written by a team of experts in Visual C++ programming, this is the ultimate reference for Visual C++ programmers. The integration of the text and CD makes this an invaluable tool for accomplished Visual C++ programmers--everything they need to know as well as the tools and utilities to make it work. Includes topics important to developers including File I/O, device control, performance tuning, and more. | ||
| 650 | |a C++ (ngôn ngữ chương trình máy tính),C++ (Computer program language) | ||
| 910 | |b dqhieu | ||
| 980 | |a Trung tâm Học liệu Trường Đại học Cần Thơ | ||